Tom Jones - Delilah (All Lyrics) - Statistics

General Stats
  • This quiz has been taken 59 times
  • The average score is 122 of 183
Answer Stats
Lyrics % Correct
Delilah
97%
I
92%
the
92%
a
84%
there
79%
my
76%
My
76%
on
76%
Why
76%
why
76%
no
74%
She
74%
she
74%
when
74%
and
71%
that
71%
her
68%
in
68%
love
68%
me
68%
of
68%
for
66%
saw
66%
to
66%
was
66%
could
63%
door
63%
more
63%
stood
63%
by
61%
hand
61%
just
61%
laughing
61%
take
61%
window
61%
woman
61%
couldn't
58%
knife
58%
laughed
58%
man
58%
light
55%
night
55%
passed
55%
anymore
53%
break
53%
felt
53%
Forgive
53%
out
53%
see
53%
shadow
53%
But
50%
down
50%
girl
50%
they
50%
before
47%
come
47%
good
47%
mind
47%
opened
47%
went
47%
As
45%
flickering
45%
So
45%
blind
42%
day
39%
free
39%
At
37%
away
37%
house
34%
like
34%
lost
34%
waiting
34%
slave
32%
drove
29%
watched
29%
deceived
26%
crossed
18%
street
18%
No matching quizzes found
Score Distribution
Percent of People with Each Score
Percentile by Number Answered
Your Score History
You have not taken this quiz